Los verdaderos pensadores del siglo XX
Guardat en:
| Autor principal: | |
|---|---|
| Format: | Llibre |
| Idioma: | espanyol |
| Publicat: |
Buenos Aires
Atlántida
1989
|
| Edició: | 5a. ed |
| Matèries: | |
| Etiquetes: |
Afegir etiqueta
Sense etiquetes, Sigues el primer a etiquetar aquest registre!
|
MARC
| LEADER | 00000nam a2200000 a 4500 | ||
|---|---|---|---|
| 001 | UCK5352 | ||
| 003 | CL-VaPUC | ||
| 008 | 050722e19890000AG |||||||||||||||||spa|d | ||
| 020 | |a 9500808315 | ||
| 082 | 0 | 4 | |a 909.82 |b SOR |2 21 |
| 100 | 0 | |a Sorman, Guy |e author |9 494096 | |
| 245 | 1 | 4 | |a Los verdaderos pensadores del siglo XX |
| 250 | |a 5a. ed | ||
| 300 | |a 329 p | ||
| 942 | |c BK | ||
| 945 | |d 20050722 00:00:00 |a cmena | ||
| 260 | |a Buenos Aires |b Atlántida |c 1989 | ||
| 650 | 0 | |a Filosofía de las ciencias |9 256466 | |
| 650 | 0 | |a Ciencias sociales |9 256351 | |
| 650 | 0 | |a Civilización moderna |9 265455 | |
| 650 | 0 | |a Religión |9 255164 | |
| 583 | |a last modification |c 20050722 00:00:00 |k Rodrigo Vera | ||
| 999 | |c 313926 |d 313924 | ||
| 952 | |0 0 |1 0 |4 0 |6 909_820000000000000_SOR_1989 |7 0 |8 A |9 385725 |a BIBHIS |b BIBHIS |d 2019-11-22 |i 4145623 |o 909.82 SOR 1989 |p 4145623 |r 2025-01-20 |w 2019-11-22 |y BK |k HIS | ||